000 02719nam a2200217Ia 4500
999 _c7992
_d7992
005 20230430112047.0
008 230427s9999 xx 000 0 und d
020 _a970-07-6589-x
040 _aUPAN
_cBiblioteca San Vicente
_eRCAA2
041 _aspa
082 _a342.06
_bS487d
100 _aRojas Serra, Andres
_4aut.
245 0 _aDerecho Administrativo
_bDoctrina, legislación y jurisprudencia
_cAndrés Serra Rojas
250 _a25° ed.
260 _aMéxico:
_bPorrúa,
_c2008
300 _a900 p.;
_c23 cm.
505 _aPrimera parte: Las finanzas del estado Titulo primero: El regimen financiero federal Capitulo I:El presupuesto general de la federación Capitulo II: Los ingresos de la federación Capitulo III: La ejecución de la ley de ingresos de la federación Capitulo IV: El presupuesto de egresos de la federación Capitulo V: La contabilidad publica Capitulo VI: El empréstito y la deuda publica Titulo segundo: El regimen patrimonial del Estado Capitulo I: El patrimonio del Estado Capitulo II: Los bienes de dominio publico de la federación Capitulo III: Los bienes del dominio privado dela federación Capitulo IV: La concesión administrativa Titulo Tercero: Los modos de adquisición de dominio Titulo cuarto: La organización económica del estado Capitulo I: Economía y derecho Capitulo II: Competencia económica Capitulo III: Los monopolios em la legislación administrativa Mexicana Capitulo IV: La legislación administrativa y las inversiones extranjeras en México Segunda Parte: Los medios de acción de la administración publica Titulo quinto: El Régimen de policía Capitulo I: La función y organización del régimen de policía Capitulo II: El derecho penal administrativo o regimen de las sanciones administrativas Tercera parte: Teoría general de las obligaciones administrativas Titulo sexto: El régimen de las obligaciones administrativas Capitulo I: Los contratos administrativos Capitulo II: El contrato de obra publica Capitulo III: El contrato de suministros o de abastecimiento Cuarta parte: La justicia administrativa Titulo séptimo: Las defensas juridicas de los particulares Capitulo I: Los recursos administrativos Capitulo II: El estado ante los tribunales Capitulo III: El contencioso administrativo Capitulo IV: El contencioso administrativo en México Capitulo V: El tribunal fiscal de la federación Quinta parte: La responsabilidad del Estado Titulo octavo: principios generales Capitulo I: La responsabilidad del estado moderno Capitulo II: De las responsabilidades de los servidores públicos.
650 _2LEMB
_xDerecho Administrativo
650 _2LEMB
_xActos administrativos
942 _cBK
_2ddc